[Event "CZE-ch U10 Girls"]
[Site "Sec u Chrudimi"]
[Date "2007.03.17"]
[Round "9"]
[White "Sladovnikova, Eliska"]
[Black "Nemcova, Karin"]
[Result "1-0"]
[WhiteElo "1100"]
[BlackElo "1000"]
[PlyCount "51"]
[EventDate "2007.03.10"]
[EventType "swiss"]
[EventRounds "9"]
[EventCountry "CZE"]
[SourceTitle "EXT 2008"]
[Source "ChessBase"]
[SourceDate "2007.11.25"]
[SourceVersion "1"]
[SourceVersionDate "2007.11.25"]
[SourceQuality "1"]

1. e4 e5 2. Nc3 Nf6 3. f4 exf4 4. d4 Bb4 5. e5 d6 6. exf6 gxf6 7. Bc4 Bxc3+ 8. bxc3 Qe7+ 9. Ne2 Bd7 10. Bxf4 c5 11. 0-0 cxd4 12. cxd4 Qf8 13. Ng3 h5 14. Qe1+ Kd8 15. Qb4 Nc6 16. Qxb7 Ke7 17. Rfe1+ Kd8 18. Qxa8+ Bc8 19. Qxc6 Bd7 20. Qa8+ Bc8 21. Bb5 h4 22. Qc6 hxg3 23. Re8+ Qxe8 24. Qc4 Bd7 25. Bxd6 Bxb5 26. Qc7# 1-0

[Event "CZE-ch U10 Girls"]
[Site "Sec u Chrudimi"]
[Date "2007.03.11"]
[Round "2"]
[White "Sladovnikova, Eliska"]
[Black "Fuskova, Martina"]
[Result "0-1"]
[WhiteElo "1100"]
[BlackElo "1250"]
[PlyCount "60"]
[EventDate "2007.03.10"]
[EventType "swiss"]
[EventRounds "9"]
[EventCountry "CZE"]
[SourceTitle "EXT 2008"]
[Source "ChessBase"]
[SourceDate "2007.11.25"]
[SourceVersion "1"]
[SourceVersionDate "2007.11.25"]
[SourceQuality "1"]

1. e4 e5 2. Bc4 Nf6 3. Nc3 Nxe4 4. Nxe4 d5 5. Bb3 dxe4 6. Qh5 Qe7 7. Nh3 Be6 8. Bxe6 Qxe6 9. Ng5 Qf5 10. 0-0 h6 11. g4 Qxg5 12. d3 Qxh5 13. gxh5 exd3 14. cxd3 Nc6 15. Re1 0-0-0 16. Rd1 e4 17. Be3 exd3 18. Kh1 Bb4 19. a3 Ba5 20. b4 Bb6 21. Rf1 Bxe3 22. fxe3 Ne5 23. Rab1 d2 24. b5 Ng4 25. Rxf7 Nxe3 26. Rxg7 d1Q+ 27. Rxd1 Rxd1+ 28. Rg1 Rg8 29. Rxd1 Nxd1 30. a4 Nf2# 0-1